| 000 | 00698cam a2200253 a 4500 | ||
|---|---|---|---|
| 008 | |||
| 020 | _a0761963197 (pbk. ) | ||
| 049 | _aMAIN | ||
| 090 | _aBF637.C6 STE | ||
| 100 | _aStewart, Ian. | ||
| 245 | 1 | 0 |
_aTransactional analysis counselling in action / _cIan Stewart. |
| 250 | _a2nd ed. | ||
| 260 |
_aLondon : _bSage, _c2000. |
||
| 300 |
_axv, 198 p. ; _c21 cm. |
||
| 490 | _aCounselling in action. | ||
| 504 | _aIncludes bibliography and index. | ||
| 650 | 0 | _aCounseling. | |
| 700 | _aDryden, Windy | ||
| 907 |
_a.b10222376 _b15-02-07 _c08-12-06 |
||
| 003 | |||
| 005 | 20230123134311.0 | ||
| 040 | _cNUST | ||
| 942 |
_cBOOKS _kBF637.C6 STE |
||
| 999 |
_c163517 _d163517 |
||